000 00730nam a2200217Ia 4500
001 b5389-36096
003 IT-MiCISF
008 161014s9999||||xx |||||||||||||| ||und||
040 _aIT-MiCISF
_cIT-MiCISF
041 _ait
100 _aBizzarri Mariano
245 0 _aMedicina e multiculturalismo
_bDilemmi epistemologici ed etici nelle politiche sanitarie
250 _a1a ed.
260 _aBologna
_bApeiron
_c2000
300 _app. XIV, 202
500 _aCanavacci L., Cavicchi I., Corbellini G., Manti F., Marchesini R., Panico S., Promodo R., La Torre M.A. / bioetica, sanità, politica-sanitaria /
650 _a Temi di bioetica / bioetica
_e011
700 _aAA.VV.
942 _cBK
957 _71
999 _a36096
_bsi
_g1
_c211764
_d211764